00319nam a2200133Ia 4500008004100000020001800041041000800059100002200067260002100089245001400110245002400124300000800148650002900156220805s9999 xx 000 0 und d a84-8236-156-6 aeng aEd. Pascual, Anna bIdea booksc2000 aBathrooms bfurniture and tiles a162 aInterior Design and plan